01013nam a2200313 i 4500001000300000003000400003005001700007008003900024015001800063020001500081040001400096041000800110080000700118080000900125245009100134250003100225260003500256300002900291504003900320655001700359650001000376700004600386710003300432700004400465856009800509942001200607999001700619952006300636bgBPK20220715100533.0001020s2000 pl |000 0 pol aPB 2000/19316 a8371106823 aWA NcBPK0 apol a34 a(03)00aEncyklopedia prawa /cred. Urszula Kalina-Prasznic ; aut. Bogusław Banaszak [et al.]. aWyd. 2 zaktual. i poszerz. aWarszawa :bC. H. Beck,c2000. aXXXII, 1388 s. ;c20 cm. aBibliogr., wykaz aktów prawnych. 4aEncyklopedia 4aPrawo1 aKalina-Prasznic, Urszulad(1947- ).eRed.2 aWydawnictwo C.H. Beck.4pbl.1 aBanaszak, Bogusławd(1955-2018)eAutor uhttp://koha.tu.koszalin.pl/cgi-bin/koha/opac-detail.pl?biblionumber=41580yKatalog online BPK 2UKDcKS c41580d41580 00104071aBPKbBPKceho63808p01767261t0/9(03) E.SyKS